[Event "Champ FRA - Under 8"]
[Site "Europe Echecs"]
[Date "2020.07.06"]
[Round "2"]
[Time "14:26:13"]
[PlyCount "65"]
[White "Schoenenberger"]
[Black "CosynsJean"]
[WhiteElo "950"]
[BlackElo "1130"]
[Mode "WEB"]
[Result "0-1"]

1. e4 c6 2. Bc4 d5 3. exd5 cxd5 4. Bb5+ Bd7 5. Bxd7+ Nxd7 6. Nf3 Ngf6 7. Qe2 e6
8. Qb5 Rb8 9. Ne5 a6 10. Qa4 b5 11. Qd4 Nxe5 12. Qxe5 Bd6 13. Qc3 Rc8 14. Qd3
O-O 15. O-O Ng4 16. Kh1 Nxh2 17. Re1 Ng4 18. Qh3 Nxf2+ 19. Kg1 Nxh3+ 20. gxh3
Rxc2 21. Rf1 Qh4 22. Nc3 Qxh3 23. Rf2 Qg3+ 24. Rg2 Qd3 25. b3 Bc5+ 26. Kh1 Qf1+
27. Kh2 Bd6+ 28. Kh3 Qf3+ 29. Kh4 Qxg2 30. d3 Qg3+ 31. Kh5 g6+ 32. Kh6 Qh4# {Schoenenberger est échec et mat} 0-1

[Event "Champ FRA - Under 8"]
[Site "Europe Echecs"]
[Date "2020.07.06"]
[Round "2"]
[Time "14:26:13"]
[PlyCount "54"]
[White "FonsatEthan"]
[Black "FeretGabriel"]
[WhiteElo "1130"]
[BlackElo "799"]
[Mode "WEB"]
[Result "1-0"]

1. e4 e5 2. Qf3 Nf6 3. Nc3 Bc5 4. Bd3 Nc6 5. Nge2 d6 6. O-O O-O 7. Nd5 Bg4 8.
Nxf6+ Qxf6 9. Qxg4 Nd4 10. Nxd4 Bxd4 11. c3 Bc5 12. b4 Bb6 13. Ba3 c5 14. bxc5
dxc5 15. Qd7 Rab8 16. Qd5 Rfc8 17. Be2 h6 18. Bg4 Rc7 19. Rfd1 a6 20. Rab1 Ba5
21. Bxc5 b6 22. Bd6 Rbb7 23. Bxc7 Rxc7 24. Bf5 Rc5 25. Qa8+ Rc8 26. Qxc8+ Qd8
27. Qxd8# {FeretGabriel est échec et mat} 1-0

[Event "Champ FRA - Under 8"]
[Site "Europe Echecs"]
[Date "2020.07.06"]
[Round "2"]
[Time "14:26:13"]
[PlyCount "77"]
[White "AlsaiedNizar"]
[Black "LazignacAslany"]
[WhiteElo "1120"]
[BlackElo "799"]
[Mode "WEB"]
[Result "0-1"]

1. e4 e5 2. Nf3 Nc6 3. Nc3 Nf6 4. Bc4 Nxe4 5. Nxe4 d5 6. Bxd5 Qxd5 7. Qe2 Bf5 8.
d3 O-O-O 9. O-O Be7 10. Bg5 Bxg5 11. Nexg5 Rd6 12. c4 Qc5 13. Nxf7 Rd7 14. Nxh8
Bxd3 15. Qe1 Bxf1 16. Qxf1 e4 17. Nh4 Qg5 18. g3 Ne7 19. Re1 Ng6 20. N4xg6 hxg6
21. Rxe4 Rd2 22. Re8+ Kd7 23. Rg8 Kc6 24. Rxg7 Qd8 25. Nf7 Qd4 26. Kg2 Qxg7 27.
Ng5 Rxb2 28. Qe1 Kb6 29. Qe6+ c6 30. a4 Qd4 31. Qe1 a5 32. Qc1 Qxf2+ 33. Kh3
Qxh2+ 34. Kg4 Qh5+ 35. Kf4 Rf2+ 36. Nf3 Rxf3+ 37. Ke4 Qf5+ 38. Kd4 c5# {AlsaiedNizar est échec et mat} 0-1

[Event "Champ FRA - Under 8"]
[Site "Europe Echecs"]
[Date "2020.07.06"]
[Round "2"]
[Time "14:26:13"]
[PlyCount "50"]
[White "DaoAnna"]
[Black "BalesterDimitr"]
[WhiteElo "799"]
[BlackElo "1120"]
[Mode "WEB"]
[Result "1-0"]

1. e4 e5 2. Nf3 Nc6 3. Nc3 Nf6 4. Bc4 Bb4 5. a3 Bxc3 6. bxc3 Nxe4 7. O-O O-O 8.
d3 Na5 9. Nxe5 Nxc4 10. dxc4 Nxc3 11. Qd3 Nb5 12. cxb5 f6 13. Nf3 c6 14. Qc4+
Kh8 15. bxc6 bxc6 16. Rb1 d5 17. Qxc6 Bd7 18. Qd6 Rc8 19. Rb7 Rc7 20. Rxc7 Rf7
21. Rxa7 Kg8 22. Qxd5 Be6 23. Qxd8+ Rf8 24. Qe7 Bc4 25. Qxg7# {BalesterDimitr est échec et mat} 1-0

[Event "Champ FRA - Under 8"]
[Site "Europe Echecs"]
[Date "2020.07.06"]
[Round "2"]
[Time "14:26:13"]
[PlyCount "57"]
[White "LefolMarius"]
[Black "ChenZhiyueDash"]
[WhiteElo "799"]
[BlackElo "1119"]
[Mode "WEB"]
[Result "0-1"]

1. d4 Nf6 2. c4 e6 3. Nc3 d5 4. c5 b6 5. b4 a5 6. a3 axb4 7. Nb5 bxc5 8. dxc5
Bxc5 9. Nf3 bxa3 10. Bxa3 Bxa3 11. Nxa3 O-O 12. e3 Qd6 13. Qc1 Bd7 14. Be2 Qe7
15. Nb5 Rxa1 16. Qxa1 Qb4+ 17. Nd2 Bxb5 18. Bxb5 Qxb5 19. Nf3 Qa6 20. Qe5 c6 21.
h4 Qb5 22. Nd2 Nbd7 23. Qg5 h6 24. Qg3 Rb8 25. h5 Ra8 26. f4 Ra1+ 27. Kf2 Rxh1
28. Nf3 Qf1# {LefolMarius est échec et mat} 0-1

[Event "Champ FRA - Under 8"]
[Site "Europe Echecs"]
[Date "2020.07.06"]
[Round "2"]
[Time "14:26:13"]
[PlyCount "117"]
[White "DebbicheAmir"]
[Black "StoyanovVictor"]
[WhiteElo "1110"]
[BlackElo "799"]
[Mode "WEB"]
[Result "1/2-1/2"]

1. e4 e5 2. Nf3 Nc6 3. g3 f5 4. exf5 d5 5. Bg2 Bxf5 6. O-O Nd4 7. Nxe5 Bxc2 8.
Qg4 Bxb1 9. Qxd4 Bg6 10. Nxg6 hxg6 11. Re1+ Be7 12. Qxd5 Qxd5 13. Bxd5 Nf6 14.
Bxb7 Rd8 15. Bc6+ Kf8 16. b3 Rh5 17. Bb2 a5 18. Bxf6 gxf6 19. Bf3 Rf5 20. Be4
Re5 21. Bxg6 Rxe1+ 22. Rxe1 Rxd2 23. a4 Rb2 24. Rc1 c5 25. Bc2 Bd6 26. h4 Be5
27. h5 Kg8 28. h6 Kh8 29. h7 f5 30. Bxf5 Kg7 31. Rxc5 Bd4 32. Rxa5 Bxf2+ 33. Kf1
Bxg3 34. Ra8 Rf2+ 35. Kg1 Rh2 36. Kf1 Rh6 37. Kg2 Be5 38. Kf3 Bb2 39. Kf4 Bc1+
40. Ke5 Bd2 41. Be6 Bb4 42. Rg8+ Kxh7 43. Kf5 Rh3 44. Bf7 Rf3+ 45. Kg5 Rxf7 46.
Rg6 Rg7 47. Rxg7+ Kxg7 48. Kf5 Kf7 49. Ke4 Ke7 50. Kd4 Bd6 51. a5 Kd7 52. a6 Kc7
53. b4 Bxb4 54. Kc4 Be1 55. Kb5 Kb8 56. Kb6 Ka8 57. a7 Bf2+ 58. Kc7 Bxa7 {Aucun joueur n'a le mat&eacute;riel pour mater} 1/2-1/2

[Event "Champ FRA - Under 8"]
[Site "Europe Echecs"]
[Date "2020.07.06"]
[Round "2"]
[Time "14:26:13"]
[PlyCount "110"]
[White "LlariMarc"]
[Black "KennelArsene"]
[WhiteElo "799"]
[BlackElo "1110"]
[Mode "WEB"]
[Result "1-0"]

1. e4 e5 2. Nf3 Nf6 3. Nxe5 Qe7 4. Nf3 Nxe4 5. Be2 d5 6. O-O Be6 7. d4 Nc6 8.
Bf4 g5 9. Bg3 f6 10. Nbd2 O-O-O 11. c3 Bh6 12. Nxe4 dxe4 13. Nd2 f5 14. h3 Bd5
15. Bh2 Rhg8 16. f3 exf3 17. Bxf3 Bxf3 18. Nxf3 g4 19. hxg4 fxg4 20. Ne5 Nxe5
21. Bxe5 Rg5 22. Bf4 Rg6 23. Bxh6 Rxh6 24. Qxg4+ Kb8 25. Rf3 Qe2 26. Rf8 Rxf8
27. Qxe2 Rhf6 28. Re1 Rc8 29. Qe8 Rf8 30. Qe2 b6 31. Qd2 Rce8 32. Rxe8+ Rxe8 33.
Kf2 Rf8+ 34. Ke3 Re8+ 35. Kd3 Rd8 36. Qh6 Rd7 37. g4 c5 38. g5 b5 39. g6 hxg6
40. Qxg6 c4+ 41. Ke4 Kc7 42. Qg3+ Kc8 43. d5 Kb7 44. Kd4 Kb6 45. Qg6+ Kc7 46.
Kc5 Kd8 47. Kxb5 Rxd5+ 48. Kxc4 Rd2 49. Qg5+ Kc8 50. Qxd2 Kb7 51. Qd6 Kc8 52.
Qe7 Kb8 53. Kc5 a5 54. Kb6 Kc8 55. Qc7# {KennelArsene est échec et mat} 1-0

[Event "Champ FRA - Under 8"]
[Site "Europe Echecs"]
[Date "2020.07.06"]
[Round "2"]
[Time "14:26:13"]
[PlyCount "66"]
[White "LauerAdam"]
[Black "CarnetAnaelle"]
[WhiteElo "1290"]
[BlackElo "1160"]
[Mode "WEB"]
[Result "1-0"]

1. e4 d5 2. exd5 Nf6 3. d4 Bg4 4. Be2 Bxe2 5. Nxe2 Qxd5 6. O-O Nc6 7. Nbc3 Qh5
8. Be3 O-O-O 9. Ng3 Qg6 10. d5 Ne5 11. Bf4 Nfd7 12. Re1 f6 13. Qd4 Kb8 14. Bxe5
fxe5 15. Qd3 Nc5 16. Qxg6 hxg6 17. Rxe5 Nd7 18. Re2 Nf6 19. Rd1 Ng4 20. h3 Nf6
21. Nge4 Rh5 22. Nxf6 gxf6 23. Kh2 e5 24. dxe6 Bd6+ 25. Kg1 g5 26. e7 Re8 27. g4
Rxh3 28. Kg2 Rh2+ 29. Kf3 Rh3+ 30. Kg2 Rh4 31. Nb5 Bf4 32. Rd8+ Rxd8 33. exd8=R# {CarnetAnaelle est échec et mat} 1-0

[Event "Champ FRA - Under 8"]
[Site "Europe Echecs"]
[Date "2020.07.06"]
[Round "2"]
[Time "14:26:13"]
[PlyCount "47"]
[White "JarryEliot"]
[Black "NicotValentin"]
[WhiteElo "890"]
[BlackElo "1041"]
[Mode "WEB"]
[Result "0-1"]

1. e4 c5 2. d4 e6 3. Nc3 a6 4. Nf3 cxd4 5. Qxd4 Nc6 6. Qd1 Bb4 7. Bd2 Nf6 8. Bg5
h6 9. Bxf6 Qxf6 10. Bd3 Bxc3+ 11. bxc3 Qxc3+ 12. Nd2 O-O 13. O-O d5 14. exd5
exd5 15. Qe2 Be6 16. h3 Rae8 17. Qd1 d4 18. Kh1 Qc5 19. f4 Na7 20. Nb3 Qd5 21.
Rg1 Bxh3 22. Qh5 Qxh5 23. Nxd4 Bg4# {JarryEliot est échec et mat} 0-1

[Event "Champ FRA - Under 8"]
[Site "Europe Echecs"]
[Date "2020.07.06"]
[Round "2"]
[Time "14:26:13"]
[PlyCount "63"]
[White "CosynsThibault"]
[Black "EboueZacharie"]
[WhiteElo "990"]
[BlackElo "1500"]
[Mode "WEB"]
[Result "0-1"]

1. e4 e5 2. Nc3 Nc6 3. Nf3 Nf6 4. Bc4 Bc5 5. d3 O-O 6. O-O d6 7. a3 Bg4 8. h3
Bh5 9. Qe2 Re8 10. Be3 Bb6 11. Bxb6 axb6 12. b4 Nd4 13. Nxd4 Bxe2 14. Ndxe2 Qd7
15. a4 c6 16. a5 b5 17. Bb3 Re7 18. Rab1 Rae8 19. Ra1 Ra8 20. Ng3 c5 21. bxc5
dxc5 22. Nge2 b4 23. Nd5 Nxd5 24. exd5 Qf5 25. d6 Rd7 26. g4 Qf3 27. Nd4 exd4
28. h4 Qxg4+ 29. Kh1 Rxd6 30. f3 Qxh4+ 31. Kg2 Rg6# {CosynsThibault est échec et mat} 0-1

[Event "Champ FRA - Under 8"]
[Site "Europe Echecs"]
[Date "2020.07.06"]
[Round "2"]
[Time "14:26:13"]
[PlyCount "43"]
[White "BocheNicolay"]
[Black "CerclierAxel"]
[WhiteElo "960"]
[BlackElo "1440"]
[Mode "WEB"]
[Result "0-1"]

1. e4 e5 2. Nf3 Nc6 3. Bb5 Bc5 4. O-O Nf6 5. Bxc6 dxc6 6. Nxe5 O-O 7. d3 h6 8.
h3 Be6 9. Nc3 Bd4 10. Nf3 Re8 11. Nxd4 Qxd4 12. Be3 Qd8 13. a3 Nd7 14. d4 Qf6
15. e5 Qg6 16. g3 Bxh3 17. Re1 Nf8 18. Kh2 Bg4 19. Qc1 Qh5+ 20. Kg1 Bf3 21. Ne2
Qh1# {BocheNicolay est échec et mat} 0-1

[Event "Champ FRA - Under 8"]
[Site "Europe Echecs"]
[Date "2020.07.06"]
[Round "2"]
[Time "14:26:13"]
[PlyCount "82"]
[White "YastrebovDanie"]
[Black "SinivassaneNil"]
[WhiteElo "1390"]
[BlackElo "980"]
[Mode "WEB"]
[Result "1-0"]

1. e4 e5 2. Nf3 Nc6 3. Bc4 Nf6 4. Ng5 d5 5. exd5 Nd4 6. c3 Nf5 7. d4 exd4 8.
cxd4 Bb4+ 9. Nc3 Bxc3+ 10. bxc3 O-O 11. O-O h6 12. Nf3 Nd6 13. Bb3 Bg4 14. h3
Bxf3 15. Qxf3 Re8 16. Qd1 a5 17. a4 b5 18. axb5 Nxb5 19. Bb2 Ne4 20. Qc2 Ned6
21. Ba4 Na7 22. Bxe8 Qxe8 23. c4 Ne4 24. Rfe1 f5 25. f3 Qh5 26. fxe4 fxe4 27.
Qxe4 Re8 28. Qxe8+ Qxe8 29. Rxe8+ Kf7 30. Ra8 Nb5 31. cxb5 g5 32. d6 cxd6 33. b6
Ke7 34. b7 Kd7 35. b8=Q d5 36. Qe8+ Kd6 37. Ba3+ Kc7 38. Qd8+ Kc6 39. Rc8+ Kb7
40. Rb1+ Ka7 41. Ra8# {SinivassaneNil est échec et mat} 1-0

[Event "Champ FRA - Under 8"]
[Site "Europe Echecs"]
[Date "2020.07.06"]
[Round "2"]
[Time "14:26:13"]
[PlyCount "114"]
[White "YuEtan"]
[Black "GrondinNathan"]
[WhiteElo "960"]
[BlackElo "1300"]
[Mode "WEB"]
[Result "1-0"]

1. e4 e5 2. Nf3 Nc6 3. Bc4 Bc5 4. O-O Nf6 5. d3 O-O 6. Nc3 d6 7. h3 b6 8. Bg5 h6
9. Bh4 Bb7 10. Nd5 Bd4 11. Nxd4 Nxd4 12. Nxf6+ gxf6 13. c3 Nc6 14. Qf3 Kg7 15.
Qg4+ Kh7 16. Qf5+ Kg7 17. f4 Bc8 18. Qh5 Rb8 19. fxe5 Nxe5 20. Bxf6+ Qxf6 21.
Rxf6 Kxf6 22. Qxh6+ Ke7 23. Qg5+ Ke8 24. Rf1 Nxc4 25. dxc4 Ba6 26. b3 b5 27.
cxb5 Bxb5 28. c4 Bc6 29. e5 Rd8 30. exd6 cxd6 31. Re1+ Kd7 32. Qf5+ Kc7 33. Re7+
Kb6 34. Qf2+ Ka5 35. Rxa7+ Kb4 36. Qd2+ Kc5 37. Ra5+ Kb6 38. Qb4+ Kc7 39. Ra7+
Kc8 40. Qb6 Be4 41. Ra8+ Kd7 42. Qb5+ Ke7 43. Ra7+ Ke6 44. Qg5 Rg8 45. Qe3 Kf5
46. Rxf7+ Ke5 47. Re7+ Kf5 48. Qxe4+ Kf6 49. Qe6+ Kg5 50. Rf7 Rdf8 51. Qg4+ Kh6
52. Qh4+ Kg6 53. Rxf8 Rxf8 54. Qe7 Ra8 55. Qxd6+ Kf5 56. Qd5+ Kf4 57. Qxa8 {GrondinNathan a abandonné} 1-0

[Event "Champ FRA - Under 8"]
[Site "Europe Echecs"]
[Date "2020.07.06"]
[Round "2"]
[Time "14:26:13"]
[PlyCount "85"]
[White "GlonTombiAmbas"]
[Black "BronnyTitien"]
[WhiteElo "920"]
[BlackElo "1270"]
[Mode "WEB"]
[Result "0-1"]

1. e4 e5 2. Nf3 Nc6 3. Bc4 Nf6 4. Nc3 Bb4 5. O-O Bxc3 6. bxc3 Nxe4 7. Re1 Nf6 8.
Nxe5 Nxe5 9. Rxe5+ Kf8 10. d3 d6 11. Re1 d5 12. Bb3 a5 13. Bf4 a4 14. c4 axb3
15. cxb3 dxc4 16. bxc4 Bg4 17. Qd2 Nh5 18. Bg5 f6 19. Bh4 Qd6 20. Re4 Bf5 21.
Re2 Qc6 22. Qe3 Bh3 23. Qxh3 Nf4 24. Qg3 Nxe2+ 25. Kf1 Nxg3+ 26. Bxg3 Kf7 27.
Ke1 Rhe8+ 28. Kf1 Ra3 29. Rd1 Rxa2 30. Bf4 g5 31. Bg3 f5 32. Kg1 f4 33. Rc1 fxg3
34. hxg3 Ra3 35. Kh2 Rxd3 36. Kg1 Rd4 37. Kh2 Rxc4 38. Ra1 Rc1 39. Ra2 Qd5 40.
Ra3 Qd6 41. Rf3+ Kg8 42. Rf5 Qh6# {GlonTombiAmbas est échec et mat} 0-1

[Event "Champ FRA - Under 8"]
[Site "Europe Echecs"]
[Date "2020.07.06"]
[Round "2"]
[Time "14:26:13"]
[PlyCount "50"]
[White "RobbeHugo"]
[Black "LavissiereGene"]
[WhiteElo "1270"]
[BlackElo "920"]
[Mode "WEB"]
[Result "1-0"]

1. e4 e5 2. Nf3 Nc6 3. Bc4 Nf6 4. Nc3 Bc5 5. O-O O-O 6. d3 Nh5 7. Bg5 Qe8 8. Nd5
Nb4 9. Nxc7 Qe6 10. Nxe6 dxe6 11. Nxe5 f6 12. Nd7 Bxd7 13. Qxh5 fxg5 14. a3 Nxc2
15. Rac1 Ne3 16. Bxe6+ Bxe6 17. Rfe1 Bf7 18. Qxg5 Rfc8 19. fxe3 Bxe3+ 20. Qxe3
Rxc1 21. Rxc1 Bb3 22. d4 b5 23. Rc7 Be6 24. Qg3 Rb8 25. Qxg7# {LavissiereGene est échec et mat} 1-0

[Event "Champ FRA - Under 8"]
[Site "Europe Echecs"]
[Date "2020.07.06"]
[Round "2"]
[Time "14:26:13"]
[PlyCount "67"]
[White "MouradianIchrh"]
[Black "CotterchioDant"]
[WhiteElo "920"]
[BlackElo "1260"]
[Mode "WEB"]
[Result "0-1"]

1. e4 e5 2. Nf3 Nc6 3. Bc4 Bb4 4. c3 Ba5 5. d4 Qe7 6. Bg5 f6 7. Be3 d6 8. O-O
Bd7 9. Nh4 O-O-O 10. dxe5 fxe5 11. Nf5 Bxf5 12. exf5 Nf6 13. b4 d5 14. Bd3 Bb6
15. Bxb6 axb6 16. Qa4 e4 17. Qa8+ Kd7 18. Bb5 Rxa8 19. Bxc6+ bxc6 20. Nd2 Qe5
21. c4 dxc4 22. Nxc4 Qxf5 23. Rad1+ Nd5 24. Ne3 Qg5 25. f4 Qh5 26. g4 Qf7 27. b5
Ke7 28. bxc6 Rxa2 29. Nxd5+ Ke8 30. Rde1 Qg6 31. Nxc7+ Kf7 32. Nd5 Qh6 33. c7
Qxh2# {MouradianIchrh est échec et mat} 0-1

[Event "Champ FRA - Under 8"]
[Site "Europe Echecs"]
[Date "2020.07.06"]
[Round "2"]
[Time "14:26:13"]
[PlyCount "115"]
[White "RaykoPauline"]
[Black "RichardAlexis"]
[WhiteElo "900"]
[BlackElo "1250"]
[Mode "WEB"]
[Result "0-1"]

1. e4 e5 2. Nf3 Bc5 3. Bc4 b6 4. Nxe5 Qh4 5. g3 Qxe4+ 6. Qe2 Qxh1+ 7. Qf1 Qxf1+
8. Kxf1 Nh6 9. d3 O-O 10. Nc3 Nc6 11. Nxc6 dxc6 12. Bxh6 gxh6 13. Ne4 Bh3+ 14.
Ke1 Bb4+ 15. c3 Be7 16. a3 b5 17. Bb3 c5 18. d4 cxd4 19. cxd4 Rad8 20. Rd1 c5
21. dxc5 Rxd1+ 22. Bxd1 Rd8 23. Bf3 Bf5 24. Nd2 Bg5 25. Bc6 Rxd2 26. Kf1 Bd3+
27. Kg2 Be3 28. Kf3 Bxc5 29. b3 Bc2 30. b4 Rd3+ 31. Kf4 Bxf2 32. Bxb5 Rd4+ 33.
Ke5 Kg7 34. g4 f6+ 35. Ke6 Bb3+ 36. Ke7 Re4+ 37. Kd7 Be6+ 38. Kc6 Rd4 39. a4
Bd7+ 40. Kc5 Rxg4+ 41. Kd5 Bxb5 42. axb5 Rg5+ 43. Kd6 f5 44. Ke6 Rg6+ 45. Kxf5
Rb6 46. Kf4 Rxb5 47. Kf3 Bd4 48. Ke4 Bf6 49. Ke3 Rxb4 50. Kd3 a5 51. Kd2 a4 52.
Kc2 a3 53. Kc1 a2 54. Kc2 a1=Q 55. Kd3 Qa3+ 56. Ke2 Rb2+ 57. Ke1 Qa1# {RaykoPauline est échec et mat} 0-1

[Event "Champ FRA - Under 8"]
[Site "Europe Echecs"]
[Date "2020.07.06"]
[Round "2"]
[Time "14:26:13"]
[PlyCount "55"]
[White "AnseeuwEmma"]
[Black "ChenLucie"]
[WhiteElo "1228"]
[BlackElo "900"]
[Mode "WEB"]
[Result "0-1"]

1. e4 e5 2. Nf3 Nc6 3. Nc3 Nf6 4. Bc4 Bc5 5. O-O O-O 6. d3 d6 7. h3 h6 8. a3 a6
9. b4 Bb6 10. Bb2 Bd7 11. b5 axb5 12. Bxb5 Nd4 13. Nxd4 exd4 14. Bxd7 Qxd7 15.
Ne2 Rae8 16. Nxd4 c5 17. Ne2 Re5 18. Bxe5 dxe5 19. Rb1 Ba7 20. c3 Re8 21. d4
cxd4 22. cxd4 exd4 23. f3 d3+ 24. Kh1 dxe2 25. Qxe2 Bb8 26. Rfd1 Qc7 27. Qb5
Qh2# {AnseeuwEmma est échec et mat} 0-1

[Event "Champ FRA - Under 8"]
[Site "Europe Echecs"]
[Date "2020.07.06"]
[Round "2"]
[Time "14:26:13"]
[PlyCount "56"]
[White "GrederPaul"]
[Black "ChenSophie"]
[WhiteElo "1220"]
[BlackElo "800"]
[Mode "WEB"]
[Result "1-0"]

1. e4 e5 2. Bb5 c6 3. Bc4 b5 4. Be2 Nf6 5. d3 Bb4+ 6. Bd2 c5 7. Bxb4 cxb4 8. c3
bxc3 9. Nxc3 b4 10. Nb5 a6 11. Nc3 bxc3 12. bxc3 O-O 13. Nf3 Nc6 14. O-O d6 15.
Qb3 d5 16. c4 dxc4 17. dxc4 Na5 18. Qb4 Nc6 19. Qa3 Qa5 20. Qb3 Rb8 21. Qc2 Nb4
22. Qc3 Nc6 23. Qc2 Ne7 24. Ng5 h5 25. g3 Be6 26. f4 exf4 27. gxf4 Bh3 28. f5 {ChenSophie a perdu au temps} 1-0

[Event "Champ FRA - Under 8"]
[Site "Europe Echecs"]
[Date "2020.07.06"]
[Round "2"]
[Time "14:26:13"]
[PlyCount "112"]
[White "ClaverieMartin"]
[Black "GriffonLoris"]
[WhiteElo "810"]
[BlackElo "1200"]
[Mode "WEB"]
[Result "1/2-1/2"]

1. e4 e5 2. Nf3 Nc6 3. Bb5 Nf6 4. Bxc6 dxc6 5. O-O Bb4 6. Nc3 Bxc3 7. dxc3 Nxe4
8. Nxe5 Qe7 9. Nf3 Bg4 10. h3 Bxf3 11. Qxf3 O-O 12. Re1 Rfe8 13. Bf4 Rad8 14.
Be3 Rd5 15. Bxa7 Rd2 16. Red1 Rxc2 17. Qe2 Rxe2 18. Re1 Rxe1+ 19. Rxe1 Qd7 20.
Re3 Qd1+ 21. Kh2 Ra8 22. Bd4 Nxf2 23. Be5 Rd8 24. Bxc7 Kf8 25. Bxd8 Qxd8 26. Re2
Nd3 27. Rd2 Qg5 28. Rc2 Ne1 29. Re2 Nxg2 30. Rxg2 Qxg2+ 31. Kxg2 f6 32. a3 g5
33. b4 h5 34. a4 Kg7 35. b5 g4 36. Kg3 gxh3 37. Kxh3 Kg6 38. bxc6 bxc6 39. a5 f5
40. Kg3 Kg5 41. a6 f4+ 42. Kg2 Kg4 43. a7 f3+ 44. Kf1 Kg3 45. a8=Q h4 46. Qxc6
h3 47. Qh6 h2 48. c4 f2 49. c5 h1=Q+ 50. Qxh1 Kg4 51. Kxf2 Kf4 52. Qf3+ Kg5 53.
Qe4 Kh6 54. Qg4 Kh7 55. Qg5 Kh8 56. Qg6 {Nulle par pat} 1/2-1/2

[Event "Champ FRA - Under 8"]
[Site "Europe Echecs"]
[Date "2020.07.06"]
[Round "2"]
[Time "14:26:13"]
[PlyCount "34"]
[White "BuchlinAdrien"]
[Black "BarrialMaxence"]
[WhiteElo "1190"]
[BlackElo "799"]
[Mode "WEB"]
[Result "1-0"]

1. e4 e5 2. Nf3 Bd6 3. Bc4 g5 4. d3 f5 5. Nxg5 Nf6 6. Nf7 O-O 7. Nxd8+ Kg7 8.
Nxb7 Bxb7 9. Qd2 Be7 10. Qh6+ Kh8 11. Bg5 c5 12. exf5 Bxg2 13. Rg1 Ne8 14. Bxe7
Bf3 15. Rg3 Rxf5 16. Rh3 Bg4 17. Qxh7# {BarrialMaxence est échec et mat} 1-0

[Event "Champ FRA - Under 8"]
[Site "Europe Echecs"]
[Date "2020.07.06"]
[Round "2"]
[Time "14:26:13"]
[PlyCount "69"]
[White "JourdainLouis"]
[Black "CorralNehamaLe"]
[WhiteElo "1170"]
[BlackElo "799"]
[Mode "WEB"]
[Result "0-1"]

1. d4 d5 2. Nc3 Nf6 3. Nf3 Nc6 4. Bf4 Bf5 5. Nb5 Rc8 6. e3 a6 7. Nc3 Nb4 8. Rc1
e6 9. a3 Nc6 10. Bd3 Bg4 11. Ne5 Bxd1 12. Rxd1 Nxe5 13. dxe5 Nd7 14. O-O f6 15.
exf6 Nxf6 16. Be2 Bd6 17. Bxd6 Qxd6 18. f3 O-O 19. e4 Qe7 20. e5 Nd7 21. f4 g5
22. fxg5 Rxf1+ 23. Rxf1 Nxe5 24. Bh5 Qxg5 25. Be2 Rf8 26. Re1 Qd2 27. Rd1 Qxc2
28. Re1 Nd3 29. Bd1 Qxb2 30. Ne2 Nxe1 31. Ng3 Qd4+ 32. Kh1 Qxd1 33. h3 Nf3+ 34.
Nf1 Qxf1# {JourdainLouis est échec et mat} 0-1

[Event "Champ FRA - Under 8"]
[Site "Europe Echecs"]
[Date "2020.07.06"]
[Round "2"]
[Time "14:26:13"]
[PlyCount "151"]
[White "GhesquiereLoui"]
[Black "DemangeSymeon"]
[WhiteElo "1160"]
[BlackElo "799"]
[Mode "WEB"]
[Result "1/2-1/2"]

1. d4 d5 2. Nf3 Nc6 3. Nc3 Nf6 4. e3 e5 5. dxe5 Ng4 6. Be2 Ngxe5 7. Nxe5 Nxe5 8.
O-O Bf5 9. e4 dxe4 10. Qxd8+ Rxd8 11. Bb5+ c6 12. Ba4 Bb4 13. Bf4 Bxc3 14. bxc3
Ng6 15. Bc7 Rd7 16. Ba5 O-O 17. Bb4 Re8 18. Rad1 Rxd1 19. Rxd1 h6 20. h3 e3 21.
c4 a6 22. Bb3 exf2+ 23. Kxf2 Ne5 24. Re1 Bd7 25. Bc3 Ng6 26. Rxe8+ Bxe8 27. c5
Nf4 28. Kf3 Ne6 29. Bb4 a5 30. Bxa5 Nxc5 31. Bc4 Bd7 32. Ke3 Bf5 33. Kd4 Ne6+
34. Kc3 Nf4 35. Bf1 Be4 36. Bc7 Nxg2 37. Kd4 Bd5 38. c4 Bxc4 39. Kxc4 Ne3+ 40.
Kd3 Nxf1 41. Ke2 Ng3+ 42. Bxg3 Kh7 43. Kd3 Kg6 44. Ke4 Kf6 45. Be5+ Kg6 46. Kf4
f6 47. Bd4 Kh5 48. Kg3 f5 49. Bxg7 Kg6 50. Bc3 b6 51. Bd4 c5 52. Bg1 Kg5 53. h4+
Kf6 54. Be3 h5 55. Bg5+ Ke5 56. Bf4+ Kd4 57. Kf3 Kc4 58. Ke2 Kc3 59. Kd1 Kb2 60.
Bc7 b5 61. Bb6 c4 62. Bd4+ Kxa2 63. Be3 b4 64. Kc2 b3+ 65. Kc1 b2+ 66. Kc2 b1=Q+
67. Kc3 Qe1+ 68. Bd2 Qxh4 69. Kc2 f4 70. Kd1 Qg3 71. Be1 Qg1 72. Kd2 Kb2 73. Bh4
Qh2+ 74. Bf2 Qxf2+ 75. Kd1 c3 {Nulle par pat} 1/2-1/2

[Event "Champ FRA - Under 8"]
[Site "Europe Echecs"]
[Date "2020.07.06"]
[Round "2"]
[Time "14:26:13"]
[PlyCount "50"]
[White "Cadilhacseffin"]
[Black "HouAudric"]
[WhiteElo "1130"]
[BlackElo "799"]
[Mode "WEB"]
[Result "1-0"]

1. e4 e5 2. Nf3 f6 3. Nc3 d6 4. Bb5+ Ke7 5. Nd5+ Kf7 6. Nh4 c6 7. Qh5+ g6 8. Qf3
cxb5 9. d3 a6 10. Be3 g5 11. Qh5+ Kg7 12. Nf5+ Bxf5 13. g4 Bd7 14. O-O-O Be8 15.
Bb6 Bg6 16. Qh3 Bh5 17. Bxd8 Be8 18. Qf3 Kg6 19. Qf5+ Kf7 20. Bxf6 Nxf6 21.
Qxf6+ Kg8 22. Rhg1 a5 23. Rg3 Ra6 24. Rf3 Rc6 25. Qxf8# {HouAudric est échec et mat} 1-0

[Event "Champ FRA - Under 8"]
[Site "Europe Echecs"]
[Date "2020.07.06"]
[Round "2"]
[Time "14:26:13"]
[PlyCount "83"]
[White "GiulianiGiovan"]
[Black "LeoniMathis"]
[WhiteElo "1120"]
[BlackElo "799"]
[Mode "WEB"]
[Result "0-1"]

1. e4 e5 2. Qh5 Nf6 3. Qxe5+ Be7 4. Bc4 O-O 5. d3 Re8 6. Bg5 Bb4+ 7. c3 Rxe5 8.
d4 Rxg5 9. cxb4 Nxe4 10. f3 Nd6 11. Bd3 Rxg2 12. Nh3 Qe7+ 13. Kf1 Rg6 14. Nf4
Rf6 15. Nh5 Rxf3+ 16. Kg2 Rxd3 17. Na3 Qe2+ 18. Kg1 Rd1+ 19. Rxd1 Qxd1+ 20. Kg2
Qd2+ 21. Kh3 Qxb2 22. Nb5 Nxb5 23. Rg1 Qxd4 24. Rg3 Nc3 25. Kg2 Nxa2 26. Kf3 b6
27. Rg4 Bb7+ 28. Kg3 Qd3+ 29. Kf4 Nxb4 30. Rxg7+ Kf8 31. Rg3 Qd2+ 32. Re3 Nd5+
33. Ke4 Qxe3+ 34. Kf5 Ne7+ 35. Kg4 f5+ 36. Kh4 Qe4+ 37. Kg3 Qg4+ 38. Kf2 Qf3+
39. Ke1 Ba6 40. Kd2 Qd3+ 41. Ke1 Qe2# {GiulianiGiovan est échec et mat} 0-1

[Event "Champ FRA - Under 8"]
[Site "Europe Echecs"]
[Date "2020.07.06"]
[Round "2"]
[Time "14:26:13"]
[PlyCount "109"]
[White "MindeHeloise"]
[Black "MauricDalmauCa"]
[WhiteElo "1110"]
[BlackElo "799"]
[Mode "WEB"]
[Result "0-1"]

1. e4 e6 2. d4 e5 3. Nf3 Nc6 4. Nc3 Nf6 5. Bb5 d5 6. O-O dxe4 7. dxe5 a6 8. Be2
Ng4 9. Nh4 Ncxe5 10. Bxg4 Bxg4 11. Bf4 f6 12. Qxd8+ Rxd8 13. Bxe5 fxe5 14. Nxe4
Rd4 15. a4 Rxe4 16. f3 Bc5+ 17. Kh1 Rf4 18. Rad1 g5 19. Ng6 Rhf8 20. Nxf8 Rxf8
21. Rd5 b6 22. Rxe5+ Kf7 23. Rxg5 Be6 24. Rh5 Bc4 25. Re1 Re8 26. Rxe8 Kxe8 27.
Rxh7 Kd8 28. Rh8+ Kd7 29. Rh7+ Kc6 30. Rh5 Bb4 31. f4 b5 32. f5 bxa4 33. f6 a3
34. bxa3 Bxa3 35. Rh7 Kb5 36. f7 a5 37. g4 Ka4 38. g5 Bd5+ 39. Kg1 Be4 40. Rg7
Bc5+ 41. Kf1 Bxc2 42. g6 Kb4 43. Rg8 Bb3 44. g7 a4 45. Ke1 a3 46. Rh8 a2 47. Rh3
a1=Q+ 48. Ke2 Qxg7 49. Kf3 Qxf7+ 50. Ke4 Bd5+ 51. Kd3 Be6 52. Rh6 Qf3+ 53. Kc2
Qf2+ 54. Kd3 Bf5# {MindeHeloise est échec et mat} 0-1

[Event "Champ FRA - Under 8"]
[Site "Europe Echecs"]
[Date "2020.07.06"]
[Round "2"]
[Time "14:26:13"]
[PlyCount "43"]
[White "BonnayTramoniB"]
[Black "RodriguezAntoi"]
[WhiteElo "799"]
[BlackElo "1110"]
[Mode "WEB"]
[Result "0-1"]

1. e4 e6 2. Nf3 d5 3. e5 c5 4. Bd3 Ne7 5. O-O Nf5 6. h3 Be7 7. Nc3 O-O 8. g4 Nh4
9. Nxh4 Bxh4 10. Qf3 d4 11. Ne2 f6 12. exf6 Rxf6 13. g5 Rxf3 14. Kg2 Qxg5+ 15.
Ng3 Bxg3 16. fxg3 Qxg3+ 17. Kh1 Rf2 18. Rxf2 Qxf2 19. c4 e5 20. b3 Bxh3 21. Ba3
Qg2# {BonnayTramoniB est échec et mat} 0-1